|
|
|
|
| LEADER |
01688nam a22003378i 4500 |
| 001 |
32692 |
| 003 |
BD-DhAAL |
| 005 |
20180215095635.0 |
| 008 |
180118t2018 ii b 001 0 eng |
| 999 |
|
|
|c 39053
|d 39053
|
| 010 |
|
|
|a 2017032994
|
| 020 |
|
|
|a 9789352800087 (hardback : alk. paper)
|
| 040 |
|
|
|a DLC
|b eng
|e rda
|c DLC
|d BD-DhAAL
|
| 042 |
|
|
|a pcc
|
| 050 |
0 |
0 |
|a BP189.23
|b .E76 2017
|
| 082 |
0 |
0 |
|a 297.4
|2 23
|
| 100 |
1 |
|
|a Ernst, Carl W.,
|d 1950-
|9 24918
|
| 245 |
1 |
0 |
|a It's not just academic! :
|b essays on Sufism and Islamic studies /
|c Carl W. Ernst.
|
| 260 |
|
|
|a New Delhi, India ;
|a Thousand Oaks, California :
|b SAGE Publications Inc,
|c c2018
|
| 263 |
|
|
|a 1709
|
| 300 |
|
|
|a xix, 490 pages ;
|c 23 cm.
|
| 504 |
|
|
|a Includes bibliographical references and index.
|
| 505 |
0 |
|
|a General and critical issues in Islamic studies -- Early Sufism -- Sufism, art, and literature -- Contemporary Sufism -- Persianate themes.
|
| 526 |
|
|
|a AAL
|
| 541 |
|
|
|a STS International
|e 32692
|
| 650 |
|
0 |
|a Sufism
|v Miscellanea.
|9 24919
|
| 852 |
|
|
|a Ayesha Abed Library
|c General Stacks
|
| 942 |
|
|
|2 ddc
|c BK
|
| 952 |
|
|
|0 0
|1 0
|2 ddc
|4 0
|6 297_400000000000000_ERN
|7 0
|9 62674
|a BRACUL
|b BRACUL
|c GEN
|d 2018-01-18
|e STS International
|g 1912.00
|l 0
|o 297.4 ERN
|p 3010032692
|r 2018-01-18
|t 1
|v 1912.00
|w 2018-01-18
|y BK
|
| 952 |
|
|
|0 0
|1 0
|2 ddc
|4 0
|6 297_400000000000000_ERN
|7 0
|9 62713
|a BRACUL
|b BRACUL
|c GEN
|d 2018-02-12
|e STS International
|g 1912.00
|l 1
|m 21
|o 297.4 ERN
|p 3010032750
|r 2025-04-13
|s 2024-11-28
|t 2
|v 1912.00
|w 2018-02-12
|y BK
|
| 952 |
|
|
|0 0
|1 0
|2 ddc
|4 0
|6 297_400000000000000_ERN
|7 0
|9 63245
|a BRACUL
|b BRACUL
|c GEN
|d 2018-05-06
|e STS International
|g 1912.00
|l 1
|o 297.4 ERN
|p 3010033092
|r 2018-05-22
|s 2018-05-21
|t 3
|v 1912.00
|w 2018-05-06
|y BK
|